Moberly

Javik Hodson, Michael Goff, Chris Goff, Catelyn Roberts, JT Baysinger


Current Events - World220.00100%100%0%
Fine Arts - Architecture110.00100%0%0%
Fine Arts - Film120.00100%100%0%
Fine Arts - Miscellaneous110.00100%0%0%
Fine Arts - Music310.00100%0%0%
Fine Arts - Opera110.00100%0%0%
Fine Arts - Painting45.0025%25%0%
Fine Arts - Photography110.00100%0%0%
Fine Arts - Sculpture110.000%100%0%
Geography - Europe120.00100%100%0%
Geography - World130.00100%100%100%
History - American514.0080%40%20%
History - Cross, Historiography, and Miscellaneous316.67100%33%33%
History - European316.6767%67%33%
History - World415.00100%50%0%
Literature - American811.2588%25%0%
Literature - British512.0080%20%20%
Literature - European710.0071%29%0%
Literature - World and Miscellaneous78.5771%0%14%
Other - Other Academic and General Knowledge215.00100%50%0%
RMP - East Asian Religion110.00100%0%0%
RMP - New Testament215.00100%50%0%
RMP - Philosophy210.00100%0%0%
RMP - World Mythology412.5075%50%0%
Science - Astronomy310.00100%0%0%
Science - Biology711.4371%29%14%
Science - Chemistry68.3383%0%0%
Science - Computer Science120.00100%100%0%
Science - Earth412.50100%25%0%
Science - Engineering and Miscellaneous120.00100%0%100%
Science - Math110.00100%0%0%
Science - Physics510.0080%20%0%